| 000 | 00541nam a22001691c 4500 | ||
|---|---|---|---|
| 001 | 358065291 | ||
| 008 | 071109s2003 gw a||| 000u ger d | ||
| 020 |
_a3593372347 _93-593-37234-7 |
||
| 041 | _ager | ||
| 100 | 1 | _aCasagrande, Thomas | |
| 245 | 0 | 4 |
_aDie volksdeutsche SS-Division "Prinz Eugen" : _bdie Banater Schwaben und die nationalsozialistischen Kriegsverbrechen / _cThomas Casagrande |
| 264 |
_aFrankfurt/Main [u.a.] : _bCampus, _c2003 |
||
| 300 | _a368 S. : Ill., Kt | ||
| 942 | _cMG | ||
| 040 | _cRU-10907106 | ||
| 003 | RU-10907106 | ||
| 999 |
_c14331 _d14331 |
||